000 01092nam0a22002531 4500
001 rc\2899621
005 20250529220404.0
035 _a(NLR Aleph) 007051016
090 _a6190858
_c6190858
100 _a20110729d1929 |||y0rusy50 ca
101 0 _arus
102 _aRU
105 _ay z |||||
200 1 _aСоветская книга за десять лет
_fТезисы доклада А.Б. Халатова XIV Всероссийскому съезду советов
_gГос. изд-во РСФСР ...
210 _aМосква
_aЛенинград
_cГосиздат
_d1929
_eМосква
_g5-я тип. Транспечати НКПС
215 _a9 с., [7] с. "Для заметок"
_d25х17 см
225 1 _aДелегату XIV Всероссийского съезда советов
700 1 _aХалатов
_bА. Б.
_cполит. деятель
_f1896-1938
_gАрташес Багратович
_9172381
_3RU\NLR\AUTH\770172431
801 0 _aRU
_bNLR
_gpsbo
801 1 _aRU
_bELAR
_2rusmarc
852 _aNLR
_j80/891
942 _cBOOK
980 _aNB